| 000 | 00652nam a22001937a 4500 | ||
|---|---|---|---|
| 999 |
_c14367 _d14367 |
||
| 003 | AR-CdUCM | ||
| 008 | 190423b ||||| |||| 00| 0 spa d | ||
| 020 | _a978-607-400-908-8 | ||
| 040 |
_aMUNICIPALIDAD PROVINCIAL DEL CUSCO _cBIBLIOTECA MUNICIPAL DEL CUSCO |
||
| 082 |
_aPI / 808.06 / _bG37 |
||
| 100 |
_aGerhard, Ana _933111 |
||
| 245 |
_aIntroducción a la música de concierto : _bLas aves / |
||
| 260 |
_aBarcelona : _bOcéano - travesía, _c2010. |
||
| 300 |
_a55 páginas ; _c32 cm. |
||
| 505 | _aContenido :Introducción a la música de concierto, las aves . | ||
| 650 |
_aCuentos _9217 |
||
| 942 |
_2ddc _cLIBROS |
||
| 945 |
_arum _d2019-04-23 |
||